000 00271nam a22001217a 4500
040 _cSY
082 _a616
100 _aហ៊ន់ ហៀក
245 _aរោគសាស្រ្តសត្វ១
260 _aRUA
_bហ៊ន់
_cNA
300 _a56p.
942 _cKB
999 _c9024
_d9024